Highest Grossing Film Franchise - Statistics

General Stats
  • This quiz has been taken 1,698 times
    180 since last reset
  • The average score is 15 of 32
Answer Stats
Gross ($) Number of Movie Answer % Correct
32.487B 37 Marvel Cinematic Universe
92%
10.324B 12 Star Wars
88%
9.656B 11 Wizarding World
82%
7.051B 18 Batman
74%
11.154B 16 Spider Man
74%
7.192B 15 DC Extended Universe
73%
7.836B 27 James Bond
72%
5.979B 7 Middle-earth
70%
7.334B 11 The Fast and The Furious
66%
3.270B 5 Toy Story
63%
6.878B 7 Jurassic Park
58%
3.846B 10 Superman
58%
4.522B 5 Pirates Of The Caribbean
52%
5.424B 9 Transformers
51%
2.371B 5 Indiana Jones
49%
4.742B 8 Mission: Impossible
47%
2.265B 13 Star Trek
45%
5.622B 6 Despicable Me
38%
4.023B 6 Shrek
38%
3.305B 5 The Hunger Games
38%
7.422B 14 X-Men
38%
2.106B 6 Terminator
33%
3.363B 5 Twilight Saga
32%
3.217B 5 Ice Age
29%
2.265B 4 Madagascar
28%
3.350B 4 Lion King
24%
2.366B 4 Kung Fu Panda
19%
2.089B 4 Jumanji
17%
2.278B 8 The Conjuring
14%
2.333B 5 MonsterVerse
11%
2.205B 4 Planet Of The Apes
11%
2.004B 5 The Mummy
9%
No matching quizzes found
Score Distribution
Percent of People with Each Score
Percentile by Number Answered
Your Score History
You have not taken this quiz since the last reset